| 000 | 00704 a2200217 4500 | ||
|---|---|---|---|
| 020 | _a8124101868 | ||
| 020 | _a9788124101865 | ||
| 082 | 0 | 4 | _a300 |
| 090 |
_c1235 _d1235 |
||
| 100 | 1 | _aSankaran, T. S. | |
| 245 | 1 | 0 |
_aSocial security in developing countries / _cT. S. Sankaran. |
| 250 | _a1st ed. | ||
| 260 |
_a[S.l.] : _bSouth Asia Books, _c1994. |
||
| 300 |
_a356 p. ; _c23 cm. |
||
| 500 | _aHardcover. | ||
| 700 | 1 | _aSubrahmanya, R. K. A. | |
| 700 | 1 | _aWadhawan, S. K. | |
| 856 | 4 | 0 |
_3Amazon.com _uhttp://www.amazon.com/exec/obidos/ASIN/8124101868/chopaconline-20 |
| 856 | 4 | 0 |
_3Amazon customer reviews _uhttp://www.chopac.org/cgi-bin/tools/azrev.pl?q=8124101868 |
| 942 |
_aNBS _cBK _k362.1724 SAN |
||
| 999 |
_c343763 _d343763 |
||